Design for sustainability : (Record no. 18586)
[ view plain ]
| 000 -LEADER | |
|---|---|
| fixed length control field | 00539pam a22001694a 4500 |
| 020 ## - INTERNATIONAL STANDARD BOOK NUMBER | |
| ISBN | 1853838977 (Paperback) |
| 020 ## - INTERNATIONAL STANDARD BOOK NUMBER | |
| ISBN | 1853839000 (Hardback) |
| 040 ## - CATALOGING SOURCE | |
| Transcribing agency | DLC |
| 082 00 - DEWEY DECIMAL CLASSIFICATION NUMBER | |
| Classification number | 363 EAR 2002 C148 Or. |
| 100 1# - MAIN ENTRY--AUTHOR NAME | |
| Personal name | Birkeland, Janis, |
| 245 10 - TITLE STATEMENT | |
| Title | Design for sustainability : |
| Remainder of title | a sourcebook of integrated, eco-logical solutions / |
| 260 ## - PUBLICATION, DISTRIBUTION, ETC. (IMPRINT) | |
| Place of publication | London ; |
| -- | Sterling, VA : |
| Name of publisher | Earthscan Publications, |
| Year of publication | 2002 |
| 300 ## - PHYSICAL DESCRIPTION | |
| Number of Pages | xiv, 274 p. : |
| Other physical details | ill. ; |
| Dimensions | 28 cm |
| 650 #0 - SUBJECT ADDED ENTRY--TOPICAL TERM | |
| Topical Term | Ecological engineering |
| 650 #0 - SUBJECT ADDED ENTRY--TOPICAL TERM | |
| Topical Term | Sustainable development |
| 942 ## - ADDED ENTRY ELEMENTS (KOHA) | |
| Koha item type | ADB |
| 952 ## - LOCATION AND ITEM INFORMATION (KOHA) | |
| Withdrawn status [LOCAL, KOHA] | 0 |
| Source of acquisition | Permanent Location | Date acquired | Koha item type | Lost status | Shelving location | Current Location | Full call number |
|---|---|---|---|---|---|---|---|
| A38254 | Library Block C | 2019-12-24 | សៀវភៅភាសាអង់គ្លេស | C148 | Library Block C | 363 EAR 2002 C148 Or. |